[Event "Bad Woerishofen op"]
[Site "?"]
[Date "2003.??.??"]
[Round "5"]
[White "Stierle, Martin"]
[Black "Stojadinovic, Tomislav"]
[Result "1/2-1/2"]
[WhiteElo "2088"]
[BlackElo "1780"]
[Annotator "ChessOrg"]
[PlyCount "27"]

1. c4 Nf6 2. d4 g6 3. Nc3 d5 4. h4 c6 5. Bg5 h5 6. Bxf6 exf6 7. cxd5 cxd5 8.
Qb3 Be6 9. e3 Qd7 10. Nh3 Bd6 11. Nb5 O-O 12. Nxd6 Qxd6 13. Nf4 Nc6 14. Nd3
1/2-1/2

[Event "Bad Woerishofen op"]
[Site "?"]
[Date "2003.??.??"]
[Round "5"]
[White "Minnebo, Alain"]
[Black "Heinrich, Olaf"]
[Result "1-0"]
[WhiteElo "2262"]
[BlackElo "1751"]
[Annotator "ChessOrg"]
[PlyCount "79"]

1. c4 c5 2. g3 Nc6 3. Bg2 g6 4. Nc3 Bg7 5. Nf3 d6 6. O-O e5 7. Rb1 Nge7 8. a3
a5 9. e3 O-O 10. Nb5 d5 11. cxd5 Nxd5 12. d3 Nc7 13. Nxc7 Qxc7 14. Qc2 Qe7 15.
Nd2 Bd7 16. Ne4 b6 17. b3 Rfc8 18. Bb2 Rab8 19. Kh1 Be6 20. f4 h6 21. Rf2 Qd7
22. fxe5 Nxe5 23. Bxe5 Bxe5 24. Nf6+ Bxf6 25. Rxf6 Bf5 26. e4 Qd4 27. exf5 Qxf6
28. fxg6 fxg6 29. Qc4+ Kg7 30. Rf1 Qe7 31. Qc3+ Kh7 32. Re1 Qg7 33. Qc4 Re8 34.
Be4 Re7 35. h4 Kh8 36. Qc1 Qe5 37. Qxh6+ Rh7 38. Qxh7+ Kxh7 39. Bxg6+ Kxg6 40.
Rxe5 1-0

[Event "Bad Woerishofen op"]
[Site "?"]
[Date "2003.??.??"]
[Round "5"]
[White "Steinhardt, Stefan"]
[Black "Bienhuels, Franz-Josef"]
[Result "0-1"]
[WhiteElo "2230"]
[BlackElo "1927"]
[Annotator "ChessOrg"]
[PlyCount "70"]

1. e4 c5 2. c3 d6 3. d4 Nf6 4. dxc5 Nc6 5. Qc2 d5 6. Nd2 dxe4 7. Nxe4 Qd5 8.
Nxf6+ exf6 9. Be3 Bxc5 10. Bxc5 Qxc5 11. Bd3 Ne5 12. Be4 f5 13. Bxf5 Bxf5 14.
Qxf5 Rd8 15. Rd1 Nd3+ 16. Qxd3 Rxd3 17. Rxd3 O-O 18. Ne2 Qc4 19. Rd2 Qxa2 20.
O-O Qc4 21. Nd4 Re8 22. Rfd1 g6 23. h3 a5 24. Nc2 Re2 25. Rd4 Qb3 26. Ne3 Qxb2
27. Rf4 Rd2 28. Re1 Qxc3 29. Ng4 f5 30. Nh6+ Kg7 31. Re7+ Kxh6 32. Rh4+ Kg5 33.
Rhxh7 Qd4 34. h4+ Kg4 35. Re3 f4 0-1

[Event "Bad Woerishofen op"]
[Site "?"]
[Date "2003.??.??"]
[Round "5"]
[White "Santner, Thomas"]
[Black "Kuempers, Ulrich"]
[Result "0-1"]
[WhiteElo "2230"]
[BlackElo "2147"]
[Annotator "ChessOrg"]
[PlyCount "55"]

1. e4 c6 2. c4 e5 3. Nc3 Nf6 4. Nf3 d6 5. d4 Bg4 6. dxe5 Bxf3 7. gxf3 dxe5 8.
Qxd8+ Kxd8 9. Rg1 g6 10. Bg5 Be7 11. f4 Nfd7 12. Bxe7+ Kxe7 13. fxe5 Nxe5 14.
Be2 a5 15. f4 Ned7 16. b3 Nc5 17. Kf2 Nba6 18. Rab1 Rhd8 19. a3 Rd7 20. Rgd1
Rxd1 21. Bxd1 Rd8 22. Be2 Ne6 23. Ke3 Nd4 24. Bd3 Nc5 25. b4 axb4 26. axb4 Nxd3
27. Kxd3 Nb5+ 28. Kc2 0-1

[Event "Bad Woerishofen op"]
[Site "?"]
[Date "2003.??.??"]
[Round "5"]
[White "Gerhards, Walter"]
[Black "Hajenius, Willem"]
[Result "1/2-1/2"]
[WhiteElo "2140"]
[BlackElo "2017"]
[Annotator "ChessOrg"]
[PlyCount "108"]

1. e4 c5 2. Nf3 Nf6 3. e5 Nd5 4. Nc3 e6 5. Be2 Be7 6. O-O Nc6 7. d4 Nxc3 8.
bxc3 O-O 9. Be3 Qa5 10. Qd3 f6 11. d5 c4 12. Qxc4 exd5 13. Qb3 Nxe5 14. Rfd1
Nf7 15. Rxd5 Qc7 16. Rad1 b6 17. g3 Kh8 18. Nh4 Ne5 19. f4 Bb7 20. fxe5 Bxd5
21. Qxd5 fxe5 22. Qe4 d5 23. Rxd5 Qxc3 24. Bf2 Bc5 25. Nf3 Bxf2+ 26. Kxf2 Rac8
27. Bd3 g6 28. Qxe5+ Qxe5 29. Rxe5 Rf6 30. a4 Kg8 31. Ke2 h6 32. Re7 a5 33. Nd2
Kf8 34. Re3 g5 35. Nc4 Rc5 36. Rf3 Rcc6 37. Rxf6+ Rxf6 38. Ke3 Ke7 39. Kd4 Rf2
40. Nxb6 Rxh2 41. Ke4 Rf2 42. Ke3 Rf8 43. Be4 Rb8 44. Nd5+ Kd6 45. Kd4 h5 46.
c4 h4 47. c5+ Ke6 48. gxh4 gxh4 49. Nf4+ Ke7 50. Kd5 Rb4 51. c6 Rxa4 52. Ng6+
Kd8 53. Nxh4 Kc7 54. Nf3 Rxe4 1/2-1/2

[Event "Bad Woerishofen op"]
[Site "?"]
[Date "2003.??.??"]
[Round "5"]
[White "Dierich, Jochen"]
[Black "Friedrich, Wolfgang"]
[Result "1-0"]
[WhiteElo "1876"]
[BlackElo "2079"]
[Annotator "ChessOrg"]
[PlyCount "139"]

1. e4 c5 2. Nf3 Nc6 3. d3 g6 4. g3 Bg7 5. Bg2 e6 6. O-O Nge7 7. h4 h5 8. Re1 d6
9. Nc3 O-O 10. Nh2 f5 11. Bg5 Qb6 12. Qc1 Bd7 13. exf5 Nxf5 14. Rb1 Rae8 15.
Ne2 e5 16. Nc3 Be6 17. Nd5 Bxd5 18. Bxd5+ Kh7 19. g4 hxg4 20. Nxg4 Nfd4 21. Bh6
Nf5 22. Bxg7 Kxg7 23. Be4 Qd8 24. Qg5 Ncd4 25. c3 Ne6 26. Qxd8 Nxd8 27. Bxf5
gxf5 28. Ne3 f4 29. Nc4 Re6 30. Kh2 Rh8 31. Rg1+ Kf8 32. Rg4 b5 33. Nd2 Reh6
34. Nf3 Nc6 35. Kg2 Ne7 36. Rh1 Nf5 37. Kf1 Ke7 38. Ke2 Kf6 39. b4 Rc8 40. bxc5
Rxc5 41. Kd2 a6 42. Rg8 Ke7 43. Rg4 Rc8 44. d4 Kf6 45. Re1 Rd8 46. Kc2 Rh5 47.
dxe5+ dxe5 48. Rxe5 Ne3+ 49. fxe3 Rxe5 50. Nxe5 Kxe5 51. Rxf4 Rg8 52. a4 Rg2+
53. Kd3 Ra2 54. axb5 axb5 55. Rb4 Ra5 56. h5 Kf5 57. h6 Kg6 58. Rh4 Kh7 59. e4
Ra4 60. Rh5 b4 61. cxb4 Rxb4 62. Ke3 Ra4 63. Kf4 Rb4 64. Kf5 Rb6 65. e5 Ra6 66.
Rh1 Rb6 67. e6 Rb5+ 68. Kf6 Rb2 69. Rf1 Kh8 70. e7 1-0

[Event "Bad Woerishofen op"]
[Site "?"]
[Date "2003.??.??"]
[Round "5"]
[White "Ross, Matthias"]
[Black "Pitl, Jarno"]
[Result "1-0"]
[WhiteElo "1796"]
[BlackElo "2073"]
[Annotator "ChessOrg"]
[PlyCount "41"]

1. e4 c6 2. d4 d5 3. exd5 cxd5 4. Bd3 Nc6 5. c3 Nf6 6. Bf4 Bg4 7. Nf3 Qb6 8. b4
Bxf3 9. Qxf3 Nxd4 10. cxd4 Qxd4 11. Bb5+ Nd7 12. O-O e5 13. Re1 Bd6 14. Bxd7+
Kxd7 15. Be3 Qxa1 16. Qxf7+ Be7 17. Bg5 Rae8 18. Qxd5+ Kc7 19. Bxe7 Kb8 20.
Bd6+ Ka8 21. Bxe5 1-0

[Event "Bad Woerishofen op"]
[Site "?"]
[Date "2003.??.??"]
[Round "5"]
[White "Burkhardt, Wilfried"]
[Black "Bergmann, Thomas"]
[Result "1/2-1/2"]
[WhiteElo "2062"]
[BlackElo "1753"]
[Annotator "ChessOrg"]
[PlyCount "44"]

1. d4 d5 2. Nf3 Nf6 3. c4 e6 4. e3 Be7 5. Nc3 O-O 6. Bd3 b6 7. cxd5 exd5 8. O-O
h6 9. h3 Nbd7 10. b3 Bb7 11. Bb2 Rc8 12. Rc1 c5 13. dxc5 Nxc5 14. Bf5 Ncd7 15.
Qe2 g6 16. Bb1 Re8 17. Rfd1 Bc5 18. Qd3 Nf8 19. Na4 Be7 20. Rxc8 Qxc8 21. Rc1
Qd7 22. Ne5 Qd6 1/2-1/2

[Event "Bad Woerishofen op"]
[Site "?"]
[Date "2003.??.??"]
[Round "5"]
[White "Nepple, Rolf"]
[Black "Vonach, Bernhard"]
[Result "0-1"]
[WhiteElo "1570"]
[BlackElo "2050"]
[Annotator "ChessOrg"]
[PlyCount "68"]

1. e4 e5 2. Nf3 Nc6 3. Bc4 Nf6 4. O-O Be7 5. Nc3 d6 6. d3 O-O 7. h3 Na5 8. Nd2
c6 9. a3 Nxc4 10. Nxc4 Be6 11. Ne3 d5 12. Nf5 Re8 13. Nxe7+ Qxe7 14. Bg5 h6 15.
Bh4 d4 16. Ne2 g5 17. Bg3 Bd7 18. f3 Nh5 19. Be1 Nf4 20. Nxf4 gxf4 21. Kh2 Kh7
22. Rg1 Rg8 23. Bf2 Rg6 24. Qe1 Rag8 25. Bh4 Qe6 26. g4 fxg3+ 27. Rxg3 Rxg3 28.
Bxg3 Qxh3+ 29. Kg1 Rxg3+ 30. Qxg3 Qxg3+ 31. Kh1 Bh3 32. Rg1 Qxf3+ 33. Kh2 Bf1
34. Rxf1 Qxf1 0-1

[Event "Bad Woerishofen op"]
[Site "?"]
[Date "2003.??.??"]
[Round "5"]
[White "Lamberger, Werner"]
[Black "Holuba, Stefan"]
[Result "1/2-1/2"]
[WhiteElo "2048"]
[BlackElo "1737"]
[Annotator "ChessOrg"]
[PlyCount "56"]

1. Nf3 Nf6 2. c4 g6 3. Nc3 Bg7 4. e4 d6 5. d4 O-O 6. Be2 c5 7. O-O cxd4 8. Nxd4
a6 9. Be3 Nbd7 10. Kh1 b6 11. Nc6 Qe8 12. Nd5 Nxd5 13. cxd5 Bb7 14. Nd4 Nc5 15.
f3 Qd7 16. Rc1 b5 17. Bf2 Rfc8 18. Be1 Na4 19. Rxc8+ Rxc8 20. b3 Nc3 21. Bxc3
Rxc3 22. f4 Qc7 23. Bf3 Qc5 24. Nc6 Bxc6 25. dxc6 Qxc6 26. e5 Qc7 27. exd6 Qxd6
28. Qxd6 exd6 1/2-1/2

[Event "Bad Woerishofen op"]
[Site "?"]
[Date "2003.??.??"]
[Round "5"]
[White "Wirfs, Joachim"]
[Black "Reichwald, Klaus-Dieter"]
[Result "1-0"]
[WhiteElo "1727"]
[BlackElo "2027"]
[Annotator "ChessOrg"]
[PlyCount "83"]

1. d4 Nf6 2. Nf3 g6 3. c4 Bg7 4. Nc3 d6 5. e4 O-O 6. Be2 Nbd7 7. O-O e5 8. d5
Nc5 9. Nd2 a5 10. a3 b6 11. Rb1 a4 12. f3 Nh5 13. b4 axb3 14. Nxb3 Nxb3 15.
Qxb3 Nf4 16. Bxf4 exf4 17. Rfd1 f5 18. Nb5 fxe4 19. fxe4 Bd7 20. Rd3 Be5 21.
Qd1 Qc8 22. Rbb3 g5 23. h3 Rf7 24. Bh5 Rg7 25. Bg4 Bxg4 26. hxg4 c6 27. dxc6
Qxc6 28. Nxd6 Rd7 29. Nf5 Qc5+ 30. Kh1 Rxd3 31. Rxd3 Re8 32. Rd8 Kf8 33. Qd7
Rxd8 34. Qxd8+ Kf7 35. Qxg5 f3 36. gxf3 Qxa3 37. Nh6+ Ke8 38. Qxe5+ Kd7 39.
Qd5+ Kc7 40. Qd1 Qe3 41. Nf5 Qf2 42. e5 1-0

[Event "Bad Woerishofen op"]
[Site "?"]
[Date "2003.??.??"]
[Round "5"]
[White "Neumann, Peter"]
[Black "Klein, Reinhard"]
[Result "1-0"]
[WhiteElo "2026"]
[BlackElo "1643"]
[Annotator "ChessOrg"]
[PlyCount "113"]

1. e4 c5 2. f4 g6 3. Nf3 Bg7 4. Bc4 e6 5. e5 Ne7 6. O-O Nbc6 7. c3 Qb6 8. Kh1
Na5 9. Na3 O-O 10. Bd3 a6 11. Bc2 Qc7 12. Qe1 h6 13. d4 c4 14. Qh4 b5 15. g4
Bb7 16. Qxe7 f5 17. gxf5 Rae8 18. Qh4 exf5 19. Kg1 Nc6 20. Bd2 Re6 21. b3 Ne7
22. Rab1 g5 23. fxg5 Rg6 24. Kf2 Bxf3 25. Kxf3 Qc6+ 26. Ke2 hxg5 27. Qg3 f4 28.
Qf3 Qxf3+ 29. Rxf3 Rh6 30. h3 Rc8 31. bxc4 bxc4 32. Rg1 Rh5 33. Nxc4 Nc6 34.
Nd6 Nxd4+ 35. cxd4 Rxc2 36. a3 Bf8 37. Ne4 Be7 38. d5 Kf7 39. d6 Bd8 40. Kd1
Rc4 41. Re1 Ke6 42. Nf2 Rd4 43. Kc2 Rd5 44. Bc3 Rh8 45. Rb1 Rc5 46. Rb8 Rg8 47.
Ne4 Rb5 48. Rxb5 axb5 49. Nc5+ Kf5 50. Nxd7 g4 51. hxg4+ Rxg4 52. Kd3 Rg7 53.
e6 Rg6 54. Nf8 Rh6 55. Bb4 Rh1 56. e7 Rd1+ 57. Ke2 1-0

[Event "Bad Woerishofen op"]
[Site "?"]
[Date "2003.??.??"]
[Round "5"]
[White "Eschle, Hubert"]
[Black "Wiedermann, Franz"]
[Result "1-0"]
[WhiteElo "1969"]
[BlackElo "2130"]
[Annotator "ChessOrg"]
[PlyCount "39"]

1. e4 d6 2. d4 Nf6 3. Nc3 g6 4. Bc4 Bg7 5. Nf3 c6 6. Be3 Nxe4 7. Nxe4 d5 8.
Ned2 dxc4 9. Nxc4 b6 10. Qd2 Qd5 11. Nce5 Ba6 12. b3 O-O 13. c4 Qe4 14. O-O-O
f6 15. Nd3 Qg4 16. Bh6 Qxg2 17. Bxg7 Kxg7 18. Qe3 Qh3 19. Nf4 Qf5 20. Qxe7+ 1-0

[Event "Bad Woerishofen op"]
[Site "?"]
[Date "2003.??.??"]
[Round "5"]
[White "Oud, Niek"]
[Black "Weiland, Guenther"]
[Result "1/2-1/2"]
[WhiteElo "2123"]
[BlackElo "2007"]
[Annotator "ChessOrg"]
[PlyCount "76"]

1. d4 g6 2. c4 c5 3. d5 Bg7 4. Nf3 d6 5. e4 Nf6 6. Nc3 O-O 7. Be2 e6 8. O-O
exd5 9. exd5 Re8 10. Bg5 a6 11. Qc2 Qc7 12. Rfe1 Bg4 13. h3 Bxf3 14. Bxf3 Nbd7
15. a4 b6 16. Qd2 h5 17. Be2 Nh7 18. Bh6 Bh8 19. Bd3 Ne5 20. Bf1 f5 21. Ne2
Nxc4 22. Qc1 Ne5 23. Nf4 Qf7 24. Ne6 c4 25. Ra3 b5 26. Rg3 h4 27. Rge3 Rac8 28.
axb5 axb5 29. Kh1 Bf6 30. Qd2 g5 31. f4 gxf4 32. Bxf4 Nf8 33. Ng5 Qd7 34. Qf2
Neg6 35. g3 Nxf4 36. gxf4 Rxe3 37. Qxe3 Bxb2 38. Qf2 Qg7 1/2-1/2

[Event "Bad Woerishofen op"]
[Site "?"]
[Date "2003.??.??"]
[Round "5"]
[White "Sanna, Giuseppe"]
[Black "Baeuml, Ulrich"]
[Result "0-1"]
[WhiteElo "1647"]
[BlackElo "2176"]
[Annotator "ChessOrg"]
[PlyCount "58"]

1. d4 d5 2. Nf3 Nf6 3. e3 b6 4. b3 Bb7 5. Bb2 Nbd7 6. Bd3 Ne4 7. Nbd2 Ndf6 8.
O-O e6 9. a3 Bd6 10. Ne5 O-O 11. f3 Nxd2 12. Qxd2 c5 13. Rf2 Rc8 14. Qe2 Qc7
15. g4 Bxe5 16. dxe5 Nd7 17. Ba6 Bxa6 18. Qxa6 Nxe5 19. Qe2 f5 20. gxf5 Rxf5
21. f4 Ng6 22. Rg2 d4 23. Qc4 Qc6 24. Rf1 Rcf8 25. exd4 Rxf4 26. Re1 Kh8 27.
Qe2 cxd4 28. Rd1 e5 29. Bc1 R4f5 0-1

[Event "Bad Woerishofen op"]
[Site "?"]
[Date "2003.??.??"]
[Round "5"]
[White "Steffl, Herbert"]
[Black "Dintheer, Willi"]
[Result "0-1"]
[WhiteElo "1639"]
[BlackElo "2098"]
[Annotator "ChessOrg"]
[PlyCount "58"]

1. d4 Nf6 2. Nf3 g6 3. c4 Bg7 4. Nc3 d6 5. e3 O-O 6. Be2 c6 7. b4 Nbd7 8. O-O
e5 9. a4 Re8 10. Ba3 d5 11. b5 Ne4 12. Qc2 Nxc3 13. Qxc3 exd4 14. Qb3 dxe3 15.
Rad1 Qb6 16. a5 exf2+ 17. Rxf2 Qxa5 18. cxd5 Qb6 19. Kf1 Re3 20. Rd3 Rxd3 21.
Bxd3 Nc5 22. Bxc5 Qxc5 23. bxc6 bxc6 24. Bc4 cxd5 25. Bxd5 Ba6+ 26. Re2 Bxe2+
27. Kxe2 Re8+ 28. Kf1 Qc1+ 29. Kf2 Qb2+ 0-1

[Event "Bad Woerishofen op"]
[Site "?"]
[Date "2003.??.??"]
[Round "5"]
[White "Glas, Stefan"]
[Black "Zillich, Raimar"]
[Result "0-1"]
[WhiteElo "2096"]
[BlackElo "1637"]
[Annotator "ChessOrg"]
[PlyCount "58"]

1. e4 c5 2. Nf3 e6 3. d4 cxd4 4. Nxd4 Nf6 5. Nc3 d6 6. Bg5 Be7 7. Qd2 a6 8. Be2
Qc7 9. f4 Nbd7 10. Bf3 Rb8 11. a4 b6 12. O-O-O Bb7 13. Rhe1 O-O 14. g4 Rbc8 15.
Re3 Rfe8 16. Bxf6 Bxf6 17. Nb3 Be7 18. g5 e5 19. Re2 exf4 20. Qxf4 Ne5 21. Bg4
Qd8 22. h4 Rc4 23. Bf5 Qc7 24. Qg3 g6 25. Bh3 Bc6 26. Rd4 Rxd4 27. Nxd4 Bxa4
28. Nd5 Qc4 29. Nf3 Qxe2 0-1

[Event "Bad Woerishofen op"]
[Site "?"]
[Date "2003.??.??"]
[Round "5"]
[White "Plank, Peter"]
[Black "Bretscher, Robert"]
[Result "1-0"]
[WhiteElo "2083"]
[BlackElo "1635"]
[Annotator "ChessOrg"]
[PlyCount "55"]

1. e4 e5 2. Nf3 Nc6 3. Nc3 Nf6 4. Bb5 d6 5. d4 exd4 6. Nxd4 Bd7 7. Bxc6 bxc6 8.
O-O Be7 9. Re1 O-O 10. Bg5 Ng4 11. Bxe7 Qxe7 12. h3 Ne5 13. f4 Ng6 14. Qd2 Qh4
15. Rf1 Rab8 16. b3 c5 17. Nde2 Bc6 18. Nd5 Qd8 19. c4 f5 20. exf5 Rxf5 21. Ng3
Rf7 22. Rae1 Qh4 23. Kh2 Rbf8 24. Re4 Qh6 25. Qd1 Kh8 26. Nh5 Nh4 27. g4 Ng6
28. g5 1-0

[Event "Bad Woerishofen op"]
[Site "?"]
[Date "2003.??.??"]
[Round "5"]
[White "Steiger, Walfried"]
[Black "Muench, Werner"]
[Result "1-0"]
[WhiteElo "1960"]
[BlackElo "1608"]
[Annotator "ChessOrg"]
[PlyCount "59"]

1. d4 d5 2. Nf3 Nf6 3. e3 c6 4. Bd3 g6 5. Nbd2 Bg7 6. b3 Bg4 7. h3 Bxf3 8. Qxf3
O-O 9. Bb2 Re8 10. O-O Nbd7 11. Rfd1 e5 12. e4 dxe4 13. Bxe4 Nxe4 14. Nxe4 Qc7
15. d5 cxd5 16. Rxd5 f5 17. Qd1 Nb6 18. Nd6 Nxd5 19. Qxd5+ Kh8 20. Nf7+ Kg8 21.
Nxe5+ Kh8 22. Nf7+ Kg8 23. Nd6+ Kh8 24. Nxe8 Rxe8 25. Bxg7+ Qxg7 26. Rd1 h6 27.
Qb5 Re7 28. Rd8+ Kh7 29. Qd5 Qf7 30. Qd4 1-0

[Event "Bad Woerishofen op"]
[Site "?"]
[Date "2003.??.??"]
[Round "5"]
[White "Taufratshofer, Martin"]
[Black "Bintakies, Michael"]
[Result "0-1"]
[WhiteElo "2074"]
[BlackElo "2209"]
[Annotator "ChessOrg"]
[PlyCount "68"]

1. Nf3 d5 2. d4 Nf6 3. c4 c6 4. Nc3 a6 5. Ne5 e6 6. Bf4 Nbd7 7. e3 Be7 8. Be2
Nxe5 9. Bxe5 O-O 10. O-O b5 11. cxb5 axb5 12. a3 Nd7 13. Bg3 Nb6 14. Qc2 Nc4
15. Na2 Qa5 16. Nb4 Bxb4 17. axb4 Qxa1 18. Rxa1 Rxa1+ 19. Bf1 Ra2 20. Bxc4 bxc4
21. f4 Ra1+ 22. Kf2 Ba6 23. Kf3 Bb5 24. Kg4 Ba4 25. Qd2 Rd1 26. Qe2 Rc1 27. Qd2
Rc2 28. Qd1 Ra8 29. Qa1 Rxg2 30. f5 exf5+ 31. Kh3 Rd2 32. Qg1 f6 33. Qa1 Rd1
34. Qa3 Rd3 0-1

[Event "Bad Woerishofen op"]
[Site "?"]
[Date "2003.??.??"]
[Round "5"]
[White "Lang, Ludwig"]
[Black "Reichenbacher, Gerhard"]
[Result "0-1"]
[WhiteElo "1101"]
[BlackElo "1742"]
[Annotator "ChessOrg"]
[PlyCount "82"]

1. e4 c5 2. Nf3 Nc6 3. d4 cxd4 4. Nxd4 Nf6 5. Nc3 d6 6. Be2 e5 7. Nb3 Be7 8.
O-O O-O 9. Bc4 Be6 10. Bxe6 fxe6 11. Be3 d5 12. exd5 exd5 13. Bc5 d4 14. Bxe7
Qxe7 15. Ne2 Rad8 16. Qd3 Kh8 17. Qc4 Nb4 18. Qc5 Qxc5 19. Nxc5 Rc8 20. c3 Nc2
21. Rac1 Rxc5 22. cxd4 exd4 23. Nxd4 Rfc8 24. Rfd1 Nxd4 25. Rxc5 Rxc5 26. h3
Ne6 27. Rd2 Kg8 28. b4 Rd5 29. Rxd5 Nxd5 30. a3 Nd4 31. f3 Nc2 32. Kf2 Nxa3 33.
Ke2 Nxb4 34. Ke3 a5 35. Kd2 Nb5 36. Kc1 a4 37. Kb2 a3+ 38. Ka1 a2 39. g4 Nc3
40. f4 Nc2+ 41. Kb2 a1=Q+ 0-1

[Event "Bad Woerishofen op"]
[Site "?"]
[Date "2003.??.??"]
[Round "5"]
[White "Harting, Andreas"]
[Black "Schoebel, Klaus"]
[Result "1-0"]
[WhiteElo "1841"]
[BlackElo "1598"]
[Annotator "ChessOrg"]
[PlyCount "99"]

1. e4 e5 2. d4 exd4 3. Qxd4 Nc6 4. Qe3 d6 5. Bb5 a6 6. Bxc6+ bxc6 7. Nf3 Be7 8.
O-O Nf6 9. e5 Nd5 10. Qe4 O-O 11. c4 f5 12. Qe2 Nb6 13. Bf4 Be6 14. b3 d5 15.
Nd4 Qd7 16. Nd2 c5 17. Nxe6 Qxe6 18. cxd5 Nxd5 19. Qc4 Nxf4 20. Qxf4 Rad8 21.
Nf3 Rd5 22. Rfd1 Rfd8 23. Rxd5 Qxd5 24. Re1 Qe6 25. h3 h6 26. Qc1 Kf8 27. Qc2
Kg8 28. Rd1 Rb8 29. Qc3 Rb4 30. Rd3 Kf7 31. Nd2 g5 32. Nc4 Rb8 33. Qd2 Rg8 34.
Rd7 g4 35. h4 Ke8 36. Rxc7 g3 37. f3 Kf7 38. Nd6+ Kg6 39. Qf4 Bxd6 40. Rc6 Rd8
41. Qxg3+ Kh5 42. Rxd6 Rxd6 43. exd6 Qf6 44. Qf4 Kg6 45. d7 Qe7 46. Qd2 Qd8 47.
Qd6+ Kh5 48. g3 a5 49. Kg2 a4 50. Kh3 1-0

[Event "Bad Woerishofen op"]
[Site "?"]
[Date "2003.??.??"]
[Round "5"]
[White "Schmitt, Karl"]
[Black "Mueller, Wolfgang"]
[Result "0-1"]
[WhiteElo "1829"]
[BlackElo "1574"]
[Annotator "ChessOrg"]
[PlyCount "118"]

1. c4 b6 2. Nf3 Bb7 3. e3 Nf6 4. b3 g6 5. Bb2 Bg7 6. d4 c5 7. d5 O-O 8. Bd3 d6
9. O-O e5 10. dxe6 fxe6 11. Nbd2 Qe7 12. Qc2 Nbd7 13. h4 Ng4 14. e4 e5 15. g3
Bh6 16. Rae1 g5 17. Re2 Kh8 18. hxg5 Bxg5 19. Nxg5 Qxg5 20. Kg2 Rf6 21. Bc1 Qh5
22. Rh1 Qf7 23. Nf1 Rg6 24. Nh2 Rag8 25. Nxg4 Rxg4 26. Rh3 Nf8 27. f3 R4g6 28.
g4 Ne6 29. Be3 Bc8 30. Qd2 Nd4 31. Bxd4 cxd4 32. Rf2 Qg7 33. Kf1 Rf8 34. Ke1
Be6 35. Be2 Rh6 36. Rfh2 Rxh3 37. Rxh3 Rf4 38. Bd1 Bf7 39. Qh2 Bg6 40. Be2 Qf6
41. Rh6 Kg8 42. Qh4 Kg7 43. Qxf6+ Kxf6 44. Kd2 Kg5 45. Rh1 Rf7 46. b4 Kf4 47.
a4 Rf8 48. a5 bxa5 49. b5 a6 50. bxa6 Ra8 51. c5 dxc5 52. Bc4 Kxf3 53. Ra1 Bxe4
54. g5 Rc8 55. Rxa5 Kf4 56. a7 Ba8 57. Be6 Rc7 58. Kd3 e4+ 59. Kc4 e3 0-1

[Event "Bad Woerishofen op"]
[Site "?"]
[Date "2003.??.??"]
[Round "5"]
[White "Natterer, Winfried"]
[Black "Seidel, Sandra"]
[Result "1/2-1/2"]
[WhiteElo "1493"]
[BlackElo "1814"]
[Annotator "ChessOrg"]
[PlyCount "50"]

1. e4 e6 2. d4 d5 3. e5 c5 4. c3 Nc6 5. Nf3 Bd7 6. a3 Qb6 7. b4 cxd4 8. cxd4 f6
9. Nc3 Nge7 10. Na4 Qc7 11. Bf4 a6 12. Nc5 Ng6 13. Nxd7 Qxd7 14. Bg3 f5 15. Nh4
Nxh4 16. Bxh4 Qf7 17. f4 Be7 18. Bf2 O-O 19. Be2 Nxb4 20. axb4 Bxb4+ 21. Kf1 b5
22. g3 Rfb8 23. Kg2 a5 24. Qd3 Bf8 25. Rhb1 b4 1/2-1/2

[Event "Bad Woerishofen op"]
[Site "?"]
[Date "2003.??.??"]
[Round "5"]
[White "Wagner, Franz"]
[Black "Feicht, Roland"]
[Result "1-0"]
[WhiteElo "1806"]
[BlackElo "1516"]
[Annotator "ChessOrg"]
[PlyCount "61"]

1. e4 g6 2. Nf3 Bg7 3. d4 d6 4. Bc4 Nc6 5. O-O Nf6 6. Re1 O-O 7. c3 a6 8. Bg5
b5 9. Bd3 Nh5 10. Nbd2 h6 11. Be3 e5 12. d5 Ne7 13. a4 Bd7 14. axb5 axb5 15.
Qb3 Rb8 16. Ba7 Rb7 17. c4 Nf4 18. Bf1 c6 19. Be3 cxd5 20. Bxf4 dxc4 21. Nxc4
Be6 22. Qb4 Bxc4 23. Bxc4 Nc6 24. Qb3 Na5 25. Rxa5 Qxa5 26. Bd2 Qa4 27. Bd5
Qxb3 28. Bxb3 g5 29. Bb4 Rb6 30. Rd1 Rd8 31. Ba5 1-0

[Event "Bad Woerishofen op"]
[Site "?"]
[Date "2003.??.??"]
[Round "5"]
[White "Dornreiter, Michael"]
[Black "Gajewski, Richard"]
[Result "0-1"]
[WhiteElo "1475"]
[BlackElo "1780"]
[Annotator "ChessOrg"]
[PlyCount "54"]

1. e4 e5 2. Nf3 Bc5 3. b4 Bb6 4. Bb2 d6 5. d4 exd4 6. Bxd4 Nf6 7. Qd3 Nc6 8. c3
O-O 9. Be2 Re8 10. Nbd2 h6 11. h3 Nh5 12. Bxb6 Nf4 13. Qc2 axb6 14. Bc4 Nxg2+
15. Kf1 Nf4 16. Qb3 Qf6 17. e5 Nxe5 18. Ne4 Qf5 19. Ng3 Nxf3 20. Nxf5 Nd2+ 21.
Kg1 Nxb3 22. Nxh6+ gxh6 23. Bxb3 Be6 24. Bxe6 Rxe6 25. Kh2 Re2 26. Kg3 Nd5 27.
Kf3 Raxa2 0-1

[Event "Bad Woerishofen op"]
[Site "?"]
[Date "2003.??.??"]
[Round "5"]
[White "Klett, Thomas"]
[Black "Dittler, Volkfried"]
[Result "1-0"]
[WhiteElo "1766"]
[BlackElo "1500"]
[Annotator "ChessOrg"]
[PlyCount "81"]

1. c4 Nf6 2. Nc3 e6 3. e4 Bb4 4. e5 Bxc3 5. dxc3 Ng8 6. Qg4 g6 7. Bg5 f6 8.
exf6 Nxf6 9. Qh4 O-O 10. Nf3 d6 11. Bd3 Qe7 12. O-O Qf7 13. Bh6 Re8 14. Ng5 Qe7
15. Rfe1 Nc6 16. f4 e5 17. h3 Bf5 18. Bxf5 gxf5 19. fxe5 dxe5 20. Qf2 f4 21.
Nf3 Nh5 22. Bg5 Qg7 23. Rad1 e4 24. Qh4 exf3 25. Rxe8+ Rxe8 26. Qxh5 Re5 27. h4
fxg2 28. Kxg2 Re6 29. Kf2 Qe5 30. Qf3 Qc5+ 31. Kg2 h6 32. Bxf4 Qf5 33. Qd5 Qg4+
34. Bg3 Kg7 35. Qd7+ Kg6 36. h5+ Kxh5 37. Qf7+ Kg5 38. Rd5+ Ne5 39. Rxe5+ Rxe5
40. Qg7+ Kf5 41. Qxg4+ 1-0

[Event "Bad Woerishofen op"]
[Site "?"]
[Date "2003.??.??"]
[Round "5"]
[White "Schenfeld, Waldemar"]
[Black "Schwarz, Gerd"]
[Result "0-1"]
[WhiteElo "1462"]
[BlackElo "1748"]
[Annotator "ChessOrg"]
[PlyCount "90"]

1. e4 c5 2. Nf3 d6 3. Nc3 Nc6 4. d4 cxd4 5. Nxd4 Nf6 6. Be2 g6 7. Be3 Bg7 8.
Rc1 a6 9. O-O O-O 10. Re1 Bd7 11. a3 Rc8 12. Qd2 Ng4 13. Bxg4 Bxg4 14. f3 Bd7
15. Nce2 Ne5 16. b3 b5 17. c3 Qa5 18. Nc2 Nc6 19. Bh6 Rfd8 20. Bxg7 Kxg7 21. b4
Qb6+ 22. Kh1 Ne5 23. Qd4 Qxd4 24. cxd4 Nd3 25. Kg1 Nxe1 26. Nxe1 Rxc1 27. Nxc1
Rc8 28. Ne2 f5 29. Kf2 fxe4 30. fxe4 Rf8+ 31. Nf3 Bg4 32. h3 Bxf3 33. gxf3 Rc8
34. Ke3 g5 35. Kd3 Kg6 36. Nc3 Rxc3+ 37. Kxc3 Kh5 38. d5 Kh4 39. Kd4 Kxh3 40.
e5 Kg3 41. exd6 exd6 42. Ke4 h5 43. Kf5 Kxf3 44. Kxg5 Ke4 45. Kxh5 Kxd5 0-1

[Event "Bad Woerishofen op"]
[Site "?"]
[Date "2003.??.??"]
[Round "5"]
[White "Klein, Thomas"]
[Black "Wachweger, Albrecht"]
[Result "0-1"]
[WhiteElo "1547"]
[BlackElo "1850"]
[Annotator "ChessOrg"]
[PlyCount "120"]

1. e4 c5 2. Nf3 d6 3. d4 cxd4 4. Nxd4 Nf6 5. Nc3 g6 6. Be3 Bg7 7. Qd2 O-O 8.
O-O-O Nc6 9. f3 d5 10. Nxc6 bxc6 11. e5 Ne8 12. f4 Bg4 13. Ne2 Nc7 14. h3 Bxe2
15. Bxe2 f6 16. Bd4 Ne6 17. Bc3 fxe5 18. fxe5 Qb8 19. Bg4 Nc5 20. Qe3 Ne4 21.
Rde1 Bxe5 22. Bxe5 Qxe5 23. Bf3 Rab8 24. c3 Rb7 25. Bxe4 Qxe4 26. Qxe4 dxe4 27.
Rhf1 Rxf1 28. Rxf1 Rb5 29. Re1 Re5 30. Kd2 Kf7 31. Ke3 Ke6 32. Kf4 g5+ 33. Ke3
h5 34. Re2 Ra5 35. b3 Ke5 36. c4 e6 37. Rd2 c5 38. g3 Ra3 39. Rb2 a5 40. Rd2 a4
41. Rb2 Kf5 42. Kf2 Ke5 43. Ke3 axb3 44. axb3 Ra1 45. b4 Ra3+ 46. Kf2 cxb4 47.
Rxb4 Kd4 48. Rb5 Ra2+ 49. Kf1 e5 50. c5 Rc2 51. Rb4+ Kxc5 52. Rxe4 Kd5 53. Re3
e4 54. Ke1 Kd4 55. Re2 Rc3 56. Rd2+ Ke3 57. Re2+ Kf3 58. g4 hxg4 59. hxg4 Rc1+
60. Kd2 Rc2+ 0-1